| 000 | 00756nam a22002177a 4500 | ||
|---|---|---|---|
| 999 |
_c15622 _d15622 |
||
| 008 | 171205b xxu||||| |||| 00| 0 eng d | ||
| 082 |
_22004 _aDC 610.73 _bF96 |
||
| 245 |
_aFundamentals of nursing : concepts, process, and practice / _cBarbara Kozieer ... [and others]. |
||
| 250 | _aSeventh edition. | ||
| 260 |
_aSingapore : _bAddison Wesley Longman, _c© 2004 |
||
| 300 |
_a[1000]? pages ; _billustrations ; _c25 cm. |
||
| 500 | _aIncludes appendices. | ||
| 650 | 0 |
_aNursing. _942270 |
|
| 650 | 0 |
_aNursing Process. _942271 |
|
| 650 | 0 |
_aNursing Care. _942272 |
|
| 650 | 0 |
_aNursing Theory. _942273 |
|
| 700 |
_aKozier, Barbara, author. _924113 |
||
| 700 |
_aBlais, Kathleen,author. _924117 |
||
| 700 |
_aErb, Glenora,author. _924115 |
||
| 942 |
_2ddc _cDC |
||